000 00339nam a2200133Ia 4500
005 20251222154439.0
008 251222s9999||||xx |||||||||||||| ||spa||
020 _a970-634-027-0
082 _a551.483/L37
100 _a"Lee Whiting, Thomas A."
245 0 _aUna exploración de El Cañón del Sumidero
250 _a2a.ed.
942 _cLIB
999 _c36715
_d36715